Normal view
MARC view
- تحرير: إبراهيم، حسين محمد ، دياري أحمد إسماعيل
Entry Personal Name
001 - CONTROL NUMBER
- control field: 52521
003 - CONTROL NUMBER IDENTIFIER
- control field: JO-AjAnu
005 - DATE AND TIME OF LATEST TRANSACTION
- control field: 20230606082631.0
008 - FIXED-LENGTH DATA ELEMENTS
- fixed length control field: 230606|| aca||aabn | a|a d
040 ## - CATALOGING SOURCE
- Original cataloging agency: JO-AjAnu
- Transcribing agency: JO-AjAnu
100 ## - HEADING--PERSONAL NAME
- Personal name: تحرير: إبراهيم، حسين محمد ، دياري أحمد إسماعيل
670 ## - SOURCE DATA FOUND
- Source citation: Work cat.: (JO-AjAnu)26839: تحرير: إبراهيم، حسين محمد ، دياري أحمد إسماعيل, author, الشيخ أمجد الزهاوي إمام العلماء والدعاة: مجموعة البحوث والكلمات المقدمة في مؤتمر الشيخ أمجد الزهاوي الذي أقامه مركز الزهاوي للدراسات الفكرية في كردستان العراق